|
|
|
|
| LEADER |
01376cam a2200313 a 4500 |
| 001 |
c000394730 |
| 003 |
CARM |
| 005 |
20130923131622.0 |
| 008 |
130923s1988 acaa s f000 0 eng d |
| 019 |
1 |
|
|a 7312704
|z 48943313
|5 LACONCORD2021
|
| 035 |
|
|
|a (OCoLC)220941003
|5 LACONCORD2021
|
| 040 |
|
|
|a AINC
|b eng
|c AINC
|
| 042 |
|
|
|a anuc
|
| 043 |
|
|
|a u-at---
|
| 082 |
0 |
4 |
|a 338.4764795
|2 23
|
| 245 |
0 |
0 |
|a Australian processed food industry overview /
|c Food Development Section, Department of Industry, Tehcnology and Commerce.
|
| 260 |
|
|
|a Canberra :
|b The Dept.,
|c 1988.
|
| 300 |
|
|
|a viii, 62 p. :
|b ill. ;
|c 30 cm.
|
| 500 |
|
|
|a Cover title.
|
| 500 |
|
|
|a Contains detailed statistical data covering the performance of the Australian processed food, beverage and tobacco indistries during the 1980's.
|
| 650 |
|
0 |
|a Food industry and trade
|z Australia
|v Statistics.
|
| 650 |
|
0 |
|a Beverage industry
|z Australia
|v Statistics.
|
| 650 |
|
0 |
|a Tobacco industry
|z Australia
|v Statistics.
|
| 710 |
1 |
|
|a Australia.
|b Department of Industry, Technology, and Commerce
|
| 852 |
8 |
|
|b CARM
|p 0595295
|f BK
|
| 852 |
8 |
|
|b SCAN
|h A3:AH19E0
|i F08690
|p 0595295
|f BK
|
| 999 |
f |
f |
|i 96b5da17-91e5-5e38-b32f-8b05d6024e67
|s 3537508f-c37b-533f-9eb1-70dda7c707a0
|
| 952 |
f |
f |
|p Can circulate
|a CAVAL
|b CAVAL
|c CAVAL
|d CARM 1 Store
|i book
|m 0595295
|
| 952 |
f |
f |
|a CAVAL
|b CAVAL
|c CAVAL
|d Unmapped Location
|e F08690
|f A3:AH19E0
|h Other scheme
|